=LDR 00000nam 2200000 4500 =001 INLIS000000000028293 =005 20130612130617 =008 ***********************************Ind** =035 ##$$0010-061300000028293 =041 ##$$a Ind =082 ##$$a 346 =090 ##$$a 346, Wid k =100 ##$$a Widnyana, I Made =245 ##$$a Kapita selekta hukum pidana adat, Prof. I Made Widnyana =260 ##$$a 1993 $b Bandung =300 ##$$a 112 hlm, 21 cm =650 ##$$a Hukum Pidana =850 ##$$a NBPNMAT